00987nam a2200229 i 4500001000300000100002400003245008300027260004100110300004400151490007000195500010900265504002600374650003600400650004600436650004400482830005800526040000800584041000700592080001900599008004100618856009800659bg1 aMASŁOWSKI, Andrzej10aIdentyfikacja modeli matematycznych dynamiki układów /cAndrzej Masłowski. aBiałystok :bWydawnictwa PB,c1995. a295 s. :b1 fot., rys., wykr. ;c23 cm.1 aRozprawy Naukowe / Politechnika Białostocka,x0867-096X ;vnr 28 aRozdz. 4-8 na podstawie publ. Komputerowa identyfikacja parametrów lub stanu w układach technicznych. aBibliogr. przy rozdz. 9aAlgorytmyxstosowaniextechnika 9aModele matematycznexstosowaniextechnika 9aTechnikaxurządzeniaxbadaniexmetody 0aRozprawy Naukowe (Politechnika Białostocka) ;vnr 28 cBPK0 apl a62:510.5:519.6 s pl f |000 0 pol  uhttp://koha.tu.koszalin.pl/cgi-bin/koha/opac-detail.pl?biblionumber=31022yKatalog online BPK